THE PSYCHOTHERAPISTS GUIDE TO MANAGED CAE IN THE 21ST CENTURY (Record no. 8349)

MARC details
000 -LEADER
fixed length control field 00350nam a22001457a 4500
003 - CONTROL NUMBER IDENTIFIER
control field SGT
020 ## - INTERNATIONAL STANDARD BOOK NUMBER
International Standard Book Number 0-7657-0002-6
082 ## - DEWEY DECIMAL CLASSIFICATION NUMBER
Classification number 616.8, P97T
100 ## - MAIN ENTRY--PERSONAL NAME
Personal name TUCKFELT, SONDRA
245 ## - TITLE STATEMENT
Title THE PSYCHOTHERAPISTS GUIDE TO MANAGED CAE IN THE 21ST CENTURY
260 ## - PUBLICATION, DISTRIBUTION, ETC. (IMPRINT)
Place of publication, distribution, etc LONDON
Name of publisher, distributor, etc ARONSON
Year of Publication 1997
300 ## - PAGE DESCRIPTION
No. of Pages 402
650 ## - SUBJECT ADDED ENTRY--TOPICAL TERM
Topical term or geographic name as entry element PSYCHIATRY
942 ## - ADDED ENTRY ELEMENTS (KOHA)
Source of classification or shelving scheme Dewey Decimal Classification
Koha item type Books
Holdings
Withdrawn status Lost status Source of classification or shelving scheme Damaged status Not for loan Collection code Home library Current library Shelving location Date acquired Vendor Name Cost, normal purchase price SGTU Bill Number Full call number Accession No. (Barcode) Date last seen Bill Date Koha item type
    Dewey Decimal Classification   Not For Loan MEDICAL SGT Medical Library SGT Medical Library Reference Book 05/03/2016 AHUJA BOOK COMPANY 3087.00 SGTU 6069 616.8, P97T FM7374 05/03/2016 11/09/2015 Books